| 000 | 00570nmc a2200241 a 4500 | ||
|---|---|---|---|
| 003 | AR-BaBNM | ||
| 005 | 20251128211541.0 | ||
| 008 | 194120s1992 ||||||||||||||000 | spa|| | ||
| 020 | _a0-435-27158-X | ||
| 040 | _cAR-BaBNM | ||
| 100 | 1 | _aColbourn, Stephen | |
| 245 | 1 | 0 | _aThe briefcase |
| 260 |
_aOxford _bHeinemann _c1992 |
||
| 300 |
_a16 p. _bil. |
||
| 490 | 0 | _aHeinemann Guided readers | |
| 500 | _aNivel inicial | ||
| 650 | 4 | _aENSENANZA DE IDIOMAS | |
| 650 | 4 | _aINGLES | |
| 650 | 4 | _aCUENTOS | |
| 800 | 1 | _aMilne, John | |
| 942 | _cBK | ||
| 998 | _cEugenia | ||
| 999 |
_c20147 _d20147 |
||